• 首页
  • 本馆介绍
  • 公告通知
  • 最新文献
  • 馆藏检索
  • 电子资源
  • 读者导购
  • 参考咨询
  • 我的图书馆
  • 登录
  • 详细信息显示
  • 放入我的书架
  • 预约/预借图书
  • 作者相关作品
  • 分类相关作品
  • 丛书相关作品
  • 出版社相关作品

书目信息

  • 表格格式
  • 工作单格式
  • 卡片格式
题名:
玩转多肉植物
    
 
作者: 兑宝峰 主编
分册:  
出版信息: 福州   福建科学技术出版社  2015
页数: 198页
开本: 24cm
丛书名:
单 册:
中图分类: S682.33
科图分类:
主题词: 多浆植物--观赏园艺
电子资源:
ISBN: 978-7-5335-4667-0
000 00785nam0 2200229 450
001 012015000191
005 20151130095616.90
010    @a978-7-5335-4667-0@dCNY38.00
100    @a20150310d2015 em y0chiy50 ea
101 0  @achi
102    @aCN@b350000
105    @aa z 001yy
106    @ar
200 1  @a玩转多肉植物@Awan zhuan duo rou zhi wu@f兑宝峰主编
210    @a福州@c福建科学技术出版社@d2015
215    @a198页@c彩照@d24cm
330    @a本书是由作者多年玩赏、收集、培育多肉植物经验、心得整理而成,书中不仅包括多肉植物的盆景、盆艺制作在内的玩赏与养护技艺,还大量展示了日常较为罕见的品种品系的精美图片。
606 0  @a多浆植物@x观赏园艺
690    @aS682.33@v5
701  0 @a兑宝峰@Adui bao feng@4主编
801  0 @aCN@b碧洲教育@c20151127
905    @a10447@f4@dS682.33@e401
    
    玩转多肉植物/兑宝峰主编.-福州:福建科学技术出版社,2015
    198页:彩照;24cm
    
    
    ISBN 978-7-5335-4667-0:CNY38.00
    本书是由作者多年玩赏、收集、培育多肉植物经验、心得整理而成,书中不仅包括多肉植物的盆景、盆艺制作在内的玩赏与养护技艺,还大量展示了日常较为罕见的品种品系的精美图片。
●
相关链接 在E读中查询图书 在五车中查询图书 在当当中查询图书 在豆瓣中查询图书


正题名:玩转多肉植物     索取号:S682.33/401         预约/预借

序号 登录号 条形码 馆藏地/架位号 状态 备注
1 0871540   208715407   第二样本阅览室/ [索取号:S682.33/401] 在馆    
2 0871541   208715416   第三借阅区/ [索取号:S682.33/401] 在馆    
3 0871542   208715425   第三借阅区/ [索取号:S682.33/401] 在馆    
4 0871543   208715434   第三借阅区/ [索取号:S682.33/401] 在馆    
唐山师范学院图书馆 欢迎您!
大连网信软件有限公司© 版权所有